vufinder Bibliothèque Municipale de Charleval de Provence
Se connecter

Mad Men

Book Cover
Auteur principal: Scott Hornbacher
D'autres auteurs: Michael Uppendahl Jennifer Getzinger
D'autres auteurs: Matthew Weiner David Carbonara Jon Hamm Vincent Kartheiser January Jones Christina Hendricks Elisabeth Moss Aaron Staton
Support: DVD
Langue: Anglais
Publié: 2015 Metropolitan filmexport Paris
Genre: Film
Sujets:
Étiquettes: Ajouter
Pas de Tags !

LEADER 01830ngm0a2200409 450
001 16848520
100 |a 20151030d2015 u u0frey01 ba 
101 1 |a eng  |c eng 
102 |a US 
200 0 |a Mad Men  |f Scott Hornbacher, Michael Uppendahl, Jennifer Getzinger, réal.  |g Matthew Weiner, adapt. - David Carbonara, comp. - Jon Hamm, Vincent Kartheiser, January Jones, Christina Hendricks, Elisabeth Moss, Aaron Staton, ... [et al.] act. 
207 1 |a   
210 |a Paris  |c Metropolitan filmexport  |d 2015 
215 |a 3 DVD vidéo monoface zone 2 (4 h 54 min)  |c 16/9, coul. (PAL), son. (Dolby digital 5.1) 
300 |a Langues principales : anglais, français; Sous-Titres : français 
327 |a Rupture,Nouvelles bases,Rêves d'avenir,Ca déménage,Désillusions à l'horizon,Errances,Confessions intimes 
330 |a Janvier 1969. Don Draper est un homme déchu. L'homme qui incarnait la réussite new-yorkaise part s'installer à Los Angeles pour tenter de renaître de ses cendres... Les sept ultimes épisodes de la série : 'Rupture', 'Nouvelles 
464 |a Rupture 
464 |a Nouvelles bases 
464 |a Rêves d'avenir 
464 |a Ca déménage 
464 |a Désillusions à l'horizon 
464 |a Errances 
464 |a Confessions intimes 
700 0 |a Hornbacher  |b Scott  |4 370 
701 0 |a Uppendahl  |b Michael  |4 370 
701 0 |a Getzinger  |b Jennifer  |4 370 
702 0 |a Weiner  |b Matthew  |4 100 
702 0 |a Carbonara  |b David  |4 230 
702 0 |a Hamm  |b Jon  |4 5 
702 0 |a Kartheiser  |b Vincent  |4 5 
702 0 |a Jones  |b January  |4 5 
702 0 |a Hendricks  |b Christina  |4 5 
702 0 |a Moss  |b Elisabeth  |4 5 
702 0 |a Staton  |b Aaron  |4 5 
900 |a Film 
901 |a Accessible au prêt 
995 |a Bibliothèque  |c Bibliothèque  |f 00156008468571  |h 00156008468571  |k S MAD 7.2  |o p  |q a  |r gd  |e Bibliothèque 

Options de recherche

Historique de recherche
Recherche avancée

Trouver plus

Nouveautés

Besoin d'aide ?

Contacter un bibliothécaire